书目信息 |
| 题名: |
国际金融英语
|
|
| 作者: | 陈明瑶 , 张霞霖 , 刘法公 编著 | |
| 分册: | ||
| 出版信息: | 北京 国防工业出版社 2010.12 |
|
| 页数: | 332页 | |
| 开本: | 23cm | |
| 丛书名: | ||
| 单 册: | ||
| 中图分类: | H31 | |
| 科图分类: | ||
| 主题词: | 国际金融--英语 , 英语 , 国际金融 | |
| 电子资源: | ||
| ISBN: | 978-7-118-07283-9 | |
| 000 | 01084nam0 2200301 450 | |
| 001 | 297488 | |
| 005 | 20110901123110.54 | |
| 010 | @a978-7-118-07283-9@dCNY42.00 | |
| 100 | @a20110402d2010 em y0chiy50 ea | |
| 101 | 0 | @achi@aeng |
| 102 | @aCN@b110000 | |
| 106 | @ar | |
| 200 | 1 | @a国际金融英语@Aguo ji jin rong ying yu@dEnglish for international finance@f陈明瑶,刘法公,张霞霖编著@zeng |
| 210 | @a北京@c国防工业出版社@d2010.12 | |
| 215 | @a332页@d23cm | |
| 300 | @a商务英语学习精品系列 浙江工商大学外国语学院省级重点建设专业(英语)建设经费资助成果 | |
| 330 | @a本书分为12个单元,包括金融全貌、货币体系、利息与信用、中央银行、商业银行、外汇、国际结算、证券、保险、衍生产品、国际金融机构、国际金融热点等内容。 | |
| 510 | 1 | @aEnglish for international finance@zeng |
| 586 | @a | |
| 606 | 0 | @a国际金融@x英语 |
| 606 | 0 | @a英语 |
| 606 | 0 | @a国际金融 |
| 690 | @aH31@v5 | |
| 701 | 0 | @a陈明瑶@c(女,@f1962~)@Achen ming yao@4编著 |
| 701 | 0 | @a张霞霖@Azhang xia lin@4编著 |
| 701 | 0 | @a刘法公@f(1958.12~)@Aliu fa gong@4编著 |
| 801 | 0 | @aCN@c20110610 |
| 905 | @dH31@eC510 | |
| 国际金融英语=English for international finance/陈明瑶,刘法公,张霞霖编著.-北京:国防工业出版社,2010.12 |
| 332页;23cm |
| 商务英语学习精品系列 浙江工商大学外国语学院省级重点建设专业(英语)建设经费资助成果 |
| ISBN 978-7-118-07283-9:CNY42.00 |
| 本书分为12个单元,包括金融全貌、货币体系、利息与信用、中央银行、商业银行、外汇、国际结算、证券、保险、衍生产品、国际金融机构、国际金融热点等内容。 |
| ● |
| 相关链接 |
|
|
|
正题名:国际金融英语
索取号:H31/C510
 
预约/预借
| 序号 | 登录号 | 条形码 | 馆藏地/架位号 | 状态 | 备注 |
| 1 | 1015403 | 210154036 | 语言库209/209语言库 80排2列6层/ [索取号:H31/C510] | 在馆 | |
| 2 | 1015404 | 210154045 | 语言库209/209语言库 80排2列6层/ [索取号:H31/C510] | 在馆 | |
| 3 | 1015405 | 210154054 | 语言库209/209语言库 80排2列6层/ [索取号:H31/C510] | 在馆 |